书目信息 |
| 题名: |
转塔车床的构造和调整
|
|
| 作者: | 弗明 著 | |
| 分册: | ||
| 出版信息: | 北京 机械工业出版社 1958 |
|
| 页数: | 184页 | |
| 开本: | 20cm | |
| 丛书名: | ||
| 单 册: | ||
| 中图分类: | TG516 | |
| 科图分类: | ||
| 主题词: | 车削 , 车床 | |
| 电子资源: | ||
| ISBN: | ||
| 000 | 00572nam0 2200217 450 | |
| 001 | 0651326517 | |
| 005 | 20060314141828.37 | |
| 010 | @dCNY1.20 | |
| 100 | @a20060314d1958 km y0chiy0120 ea | |
| 101 | 0 | @achi |
| 102 | @aCN@b110000 | |
| 102 | @aCN@b110000 | |
| 200 | 1 | @a转塔车床的构造和调整@Azhuan ta che chuang de gou zao he diao zheng@f弗明著@Ffu ming zhu |
| 210 | @a北京@c机械工业出版社@d1958 | |
| 215 | 1 | @a184页@d20cm |
| 606 | 0 | @a车削 |
| 606 | 0 | @a车床 |
| 690 | @aTG516@v4 | |
| 701 | 0 | @a弗明@Afu ming@4著 |
| 801 | 0 | @aCN@bPFT@c20060314 |
| 905 | @a10447@dTG516@e4 | |
| 转塔车床的构造和调整/弗明著.-北京:机械工业出版社,1958 |
| 184页;20cm |
| ISBN :CNY1.20 |
| ● |
| 相关链接 |
|
|
|
|
正题名:转塔车床的构造和调整
索取号:TG516/4
 
预约/预借
| 序号 | 登录号 | 条形码 | 馆藏地/架位号 | 状态 | 备注 |
| 1 | 0018000 | 202205522 | 密集书库/ [索取号:TG516/4] | 在馆 |